<?xml version="1.0" encoding="UTF-8"?>
<collection xmlns="http://www.loc.gov/MARC21/slim">
 <record>
  <leader>00653pamaa2200169   4500</leader>
  <controlfield tag="001">0000016814</controlfield>
  <controlfield tag="005">20070731090000.0</controlfield>
  <datafield tag="020" ind1="0" ind2="0">
   <subfield code="a">1566044707 </subfield>
  </datafield>
  <datafield tag="090" ind1="0" ind2="0">
   <subfield code="a">QA76.73.V27 </subfield>
   <subfield code="b">MAN 1997</subfield>
  </datafield>
  <datafield tag="100" ind1="1" ind2="0">
   <subfield code="a">Mansfield </subfield>
  </datafield>
  <datafield tag="245" ind1="1" ind2="4">
   <subfield code="a">The comprehensive guide to VBScript : </subfield>
   <subfield code="b">the encyclopedic reference for VBScript, HTML &amp; Active X  </subfield>
   <subfield code="c">Richard Mansfield.</subfield>
  </datafield>
  <datafield tag="260" ind1="0" ind2="0">
   <subfield code="a">North California: </subfield>
   <subfield code="b">Ventana Pub., </subfield>
   <subfield code="c">1997.</subfield>
  </datafield>
  <datafield tag="300" ind1=" " ind2=" ">
   <subfield code="a">lxvi, 790p.: </subfield>
   <subfield code="b">24cm.</subfield>
  </datafield>
  <datafield tag="500" ind1="0" ind2="0">
   <subfield code="a">Includes 1 CD-ROM complete hyperlinked version of the book on CD-ROM</subfield>
  </datafield>
  <datafield tag="650" ind1="0" ind2="0">
   <subfield code="a">World Wide Web (Information retrieval system) </subfield>
  </datafield>
  <datafield tag="650" ind1="0" ind2="0">
   <subfield code="a">HTML (Document markup language) </subfield>
  </datafield>
  <datafield tag="650" ind1="0" ind2="0">
   <subfield code="a">VBScript (Computer program language) </subfield>
  </datafield>
 </record>
</collection>
